[Event "14e Open International - St Denis de la "]
[Site "Saint Denis"]
[Date "2012.10.06"]
[Round "1.1"]
[White "Akshat, Khamparia"]
[Black "Boualit, Michael"]
[Result "1-0"]
[WhiteElo "2382"]
[BlackElo "1721"]
[PlyCount "43"]
[EventDate "2012.??.??"]

1. d4 d5 2. c4 c6 3. Nf3 Nf6 4. Nc3 e6 5. Bg5 Nbd7 6. cxd5 exd5 7. e3 Bd6 8.
Bd3 h6 9. Bh4 O-O 10. O-O Re8 11. Qc2 Qc7 12. Rab1 Ng4 13. Bg3 Bxg3 14. hxg3
Ndf6 15. b4 Bd7 16. Na4 Nxe3 17. fxe3 Rxe3 18. Ne5 Rxg3 19. Nc5 Bh3 20. Rf2 Ng4
21. Bh7+ Kf8 22. Ne6+ 1-0

[Event "14e Open International - St Denis de la "]
[Site "Saint Denis"]
[Date "2012.10.06"]
[Round "1.2"]
[White "Lecoro, Sylvain"]
[Black "Hecht, Hans-Joachim"]
[Result "0-1"]
[WhiteElo "1713"]
[BlackElo "2347"]
[PlyCount "60"]
[EventDate "2012.??.??"]

1. e4 e5 2. Nc3 Nf6 3. f4 d5 4. exd5 exf4 5. Nf3 Nxd5 6. Bc4 Be6 7. Qe2 Be7 8.
O-O Nc6 9. d4 O-O 10. Nxd5 Bxd5 11. c3 Bxc4 12. Qxc4 Qd6 13. Nd2 g5 14. Ne4 Qg6
15. Qe2 Rae8 16. Bxf4 gxf4 17. Rxf4 f5 18. Qc4+ Kh8 19. Nc5 Rg8 20. Rf2 Bh4 21.
Rc2 f4 22. Qd3 f3 23. g3 Qg4 24. Qf1 Ne7 25. Nd3 Nf5 26. Ne5 Rxe5 27. dxe5 Nxg3
28. hxg3 Bxg3 29. Qd3 Bf4+ 30. Kf2 Qg3+ 0-1

[Event "14e Open International - St Denis de la "]
[Site "Saint Denis"]
[Date "2012.10.06"]
[Round "1.3"]
[White "Letreguilly, Olivier"]
[Black "Folio, Cedric"]
[Result "1-0"]
[WhiteElo "2343"]
[BlackElo "1700"]
[PlyCount "47"]
[EventDate "2012.??.??"]

1. e4 e5 2. Nf3 Nc6 3. Bb5 a6 4. Ba4 Bc5 5. c3 Nge7 6. Nxe5 Bxf2+ 7. Kxf2 Nxe5
8. d4 b5 9. Bb3 Nc4 10. Qe2 d5 11. Nd2 Nb6 12. Rf1 O-O 13. Kg1 Be6 14. Nf3 Bg4
15. Bg5 c6 16. exd5 Re8 17. dxc6 Ra7 18. Bxf7+ Kxf7 19. Ne5+ Kg8 20. Qxg4 Qd5
21. Rf7 Nxc6 22. Be7 g6 23. Qh4 h5 24. Qf6 1-0

[Event "14e Open International - St Denis de la "]
[Site "Saint Denis"]
[Date "2012.10.06"]
[Round "1.4"]
[White "Strate, Wolfgang"]
[Black "Reinhart, Emmanuel"]
[Result "0-1"]
[WhiteElo "1689"]
[BlackElo "2312"]
[PlyCount "58"]
[EventDate "2012.??.??"]

1. d4 c6 2. e4 d5 3. Nc3 dxe4 4. Nxe4 Bf5 5. Ng3 Bg6 6. Nf3 Nd7 7. Bd3 e6 8.
O-O Ngf6 9. Re1 Qc7 10. Ne5 Nxe5 11. dxe5 Nd7 12. f4 Bc5+ 13. Be3 Rd8 14. Bxg6
hxg6 15. Bxc5 Nxc5 16. Qf3 Qb6 17. Qe3 Rh4 18. Ne4 Nxe4 19. Qxb6 axb6 20. Rxe4
Rd2 21. Rae1 Kd7 22. h3 c5 23. R1e3 Rxc2 24. Rd3+ Kc7 25. b4 Rh8 26. a3 Rd8 27.
Rxd8 Kxd8 28. b5 Rb2 29. a4 Rb4 0-1

[Event "14e Open International - St Denis de la "]
[Site "Saint Denis"]
[Date "2012.10.06"]
[Round "1.5"]
[White "Ranaivoharisoa, Alain"]
[Black "Nassau, Pierre-Alexandre"]
[Result "0-1"]
[WhiteElo "2175"]
[BlackElo "1675"]
[PlyCount "118"]
[EventDate "2012.??.??"]

1. e4 e5 2. Bc4 Nc6 3. Nf3 Bc5 4. O-O Nf6 5. Re1 d6 6. h3 Qe7 7. c3 h6 8. d4
exd4 9. cxd4 Bb4 10. Re2 O-O 11. Qa4 a6 12. d5 b5 13. Bxb5 axb5 14. Qxa8 Bd7
15. Qa6 Nxd5 16. a3 Bc5 17. Re1 Nb6 18. Qxb5 Nd4 19. Qd3 Bb5 20. Qxd4 Bxd4 21.
Nxd4 Bd7 22. Nc3 Rb8 23. b4 Qe5 24. Nde2 Bb5 25. Bf4 Qh5 26. g4 Qxh3 27. Nxb5
Qxg4+ 28. Kh2 Qh5+ 29. Kg2 Qxb5 30. Bg3 Re8 31. Nf4 Qg5 32. Nh3 Qb5 33. Nf4 Qg5
34. Nh3 Qg6 35. Nf4 Qf6 36. Rac1 Rc8 37. Re3 Qd4 38. Ne2 Qb2 39. Rc6 Ra8 40.
Rxc7 Rxa3 41. Rxa3 Qxa3 42. Rc6 Qxb4 43. Nc3 Nc4 44. Nd5 Ne3+ 45. fxe3 Qxe4+
46. Kf2 Qxd5 47. Rxd6 Qf5+ 48. Ke2 Kh7 49. Rd4 g5 50. Rd6 h5 51. Rd4 Kg6 52.
Rd8 f6 53. Rd4 Qc2+ 54. Kf1 Qc1+ 55. Kf2 Qh1 56. Rd7 h4 57. Bb8 h3 58. Rd2 g4
59. Kg3 Qe1+ 0-1

[Event "14e Open International - St Denis de la "]
[Site "Saint Denis"]
[Date "2012.10.06"]
[Round "1.6"]
[White "Romain, Arnaud"]
[Black "Seyfried, Claus"]
[Result "0-1"]
[WhiteElo "1660"]
[BlackElo "2160"]
[PlyCount "78"]
[EventDate "2012.??.??"]

1. d4 d5 2. Nc3 c5 3. Nf3 Nc6 4. g3 Nf6 5. Bg2 cxd4 6. Nxd4 e5 7. Nxc6 bxc6 8.
O-O Be7 9. Bg5 O-O 10. a3 Rb8 11. b3 Be6 12. Re1 Bc5 13. Na4 Bxf2+ 14. Kxf2
Ng4+ 15. Kg1 Qxg5 16. Qd3 Bf5 17. e4 dxe4 18. Bxe4 Rbd8 19. Qf3 Bxe4 20. Rxe4
f5 21. Re2 e4 22. Qc3 Rd6 23. Nc5 Rfd8 24. Qc4+ Kh8 25. Rae1 Rd1 26. Ne6 Rxe1+
27. Rxe1 Qh6 28. h4 Rd1 29. Kg2 Rxe1 30. Ng5 Ne3+ 31. Kf2 Nxc4 32. Nf7+ Kg8 33.
Nxh6+ gxh6 34. Kxe1 Nxa3 35. c3 Nb5 36. Kd2 Kf7 37. b4 Ke6 38. c4 Nd4 39. h5
Ke5 0-1

[Event "14e Open International - St Denis de la "]
[Site "Saint Denis"]
[Date "2012.10.06"]
[Round "1.7"]
[White "Rodier, David"]
[Black "Deurvillier, Martial"]
[Result "1-0"]
[WhiteElo "2133"]
[BlackElo "1620"]
[PlyCount "51"]
[EventDate "2012.??.??"]

1. d4 Nf6 2. c4 c5 3. d5 b5 4. cxb5 Bb7 5. Nc3 d6 6. e4 Nbd7 7. a4 a6 8. Nf3 g6
9. bxa6 Bxa6 10. Bxa6 Rxa6 11. O-O Bg7 12. Qe2 Qc8 13. e5 dxe5 14. Nxe5 O-O 15.
Nc6 Rxc6 16. dxc6 Qxc6 17. a5 e6 18. a6 Nd5 19. Qb5 Qxb5 20. Nxb5 N7b6 21. a7
Bd4 22. Nxd4 cxd4 23. Bh6 Rd8 24. Ra6 Na8 25. Rc1 Nb4 26. Rd6 1-0

[Event "14e Open International - St Denis de la "]
[Site "Saint Denis"]
[Date "2012.10.06"]
[Round "1.8"]
[White "Fontaine, Willy"]
[Black "Haanshuus, Aslak"]
[Result "0-1"]
[WhiteElo "1610"]
[BlackElo "2059"]
[PlyCount "102"]
[EventDate "2012.??.??"]

1. e4 c5 2. Nf3 Nc6 3. c3 d6 4. Bb5 Bd7 5. O-O g6 6. d4 Bg7 7. Be3 cxd4 8. Nxd4
Nf6 9. Nxc6 bxc6 10. Bd3 O-O 11. f3 Qc7 12. Bf4 Rfb8 13. Qc1 a5 14. a4 Rb7 15.
Na3 Rab8 16. Rf2 Be6 17. Bc4 Bxc4 18. Nxc4 Nd7 19. Rb1 Nb6 20. Nxb6 Rxb6 21. h4
Rb3 22. Rc2 Qd7 23. h5 c5 24. h6 Bh8 25. Bg5 f6 26. Bf4 Qe6 27. Qd2 Kf7 28. Qe2
f5 29. e5 Bxe5 30. Bxe5 dxe5 31. Qe3 c4 32. Re2 Kf6 33. Qc5 Qb6 34. Qxb6+ R8xb6
35. Rbe1 Re6 36. Rd1 Rbb6 37. Rd5 g5 38. Rc5 Rbc6 39. Rxa5 Ra6 40. Rc5 Rxa4 41.
g4 fxg4 42. fxg4 e4 43. Rf2+ Kg6 44. Rff5 e3 45. Rxg5+ Kxh6 46. Rh5+ Kg7 47.
Rhg5+ Kf7 48. Rgf5+ Ke8 49. Ra5 e2 50. Rfe5 e1=Q+ 51. Rxe1 Rxe1+ 0-1

[Event "14e Open International - St Denis de la "]
[Site "Saint Denis"]
[Date "2012.10.06"]
[Round "1.9"]
[White "Roblet, Charles"]
[Black "Han Yee Yu, Jerome"]
[Result "1-0"]
[WhiteElo "2058"]
[BlackElo "1603"]
[PlyCount "45"]
[EventDate "2012.??.??"]

1. e4 c5 2. d4 cxd4 3. c3 Nf6 4. e5 Ne4 5. Qxd4 d5 6. f3 a6 7. fxe4 Nc6 8. Qxd5
Qc7 9. Nf3 Bg4 10. Bf4 e6 11. Qb3 Be7 12. Nbd2 O-O 13. Be2 Rfd8 14. O-O Bc5+
15. Kh1 Ne7 16. Rae1 Ng6 17. Bg3 b5 18. Ng5 Be3 19. Rxf7 Qc5 20. Nxe6 Bxe6 21.
Qxe6 Nf8 22. Rxf8+ Kxf8 23. Rf1+ 1-0

[Event "14e Open International - St Denis de la "]
[Site "Saint Denis"]
[Date "2012.10.06"]
[Round "1.10"]
[White "Craquelin, Mathie"]
[Black "Hamon, Christian"]
[Result "0-1"]
[WhiteElo "1590"]
[BlackElo "2053"]
[PlyCount "124"]
[EventDate "2012.??.??"]

1. e4 Nf6 2. Nc3 d5 3. e5 Ne4 4. Nxe4 dxe4 5. d3 Qd5 6. d4 e3 7. Bxe3 Bf5 8.
Nf3 e6 9. Be2 Be7 10. h3 O-O 11. Bd3 Bxd3 12. Qxd3 Rd8 13. O-O Nc6 14. Rfd1 Nb4
15. Qd2 c5 16. c3 cxd4 17. Bxd4 Nc6 18. a3 Na5 19. c4 Nxc4 20. Qe2 Qb5 21. Rac1
Nxa3 22. Qe3 Nc4 23. Qd3 Rac8 24. Nd2 Na3 25. Qe4 Nc2 26. Bxa7 Nb4 27. Be3 Rxc1
28. Rxc1 Nc6 29. Nc4 Qb4 30. Rc2 Qe1+ 31. Kh2 Rd1 32. Rd2 Rxd2 33. Nxd2 Bb4 34.
Nf3 Qe2 35. Nd4 Nxd4 36. Qxd4 Qb5 37. Kg3 Be7 38. Kh2 h5 39. g3 Qc6 40. Qb6 Qd5
41. Qd4 Qxd4 42. Bxd4 Kf8 43. Kg2 Ke8 44. Kf3 Kd7 45. Ke4 Kc6 46. Bc3 Kb5 47.
f4 g6 48. h4 Kc4 49. Ke3 b5 50. Ke4 Bc5 51. Kf3 b4 52. Bd2 Kb3 53. Ke2 Kxb2 54.
Kd1 b3 55. Bc1+ Kb1 56. Bd2 Bf2 57. Be1 Bxe1 58. Kxe1 Kc2 59. Ke2 b2 60. Kf3
b1=Q 61. g4 Qd1+ 62. Ke4 Qd3# 0-1

[Event "14e Open International - St Denis de la "]
[Site "Saint Denis"]
[Date "2012.10.06"]
[Round "1.11"]
[White "Boos, Olivier"]
[Black "Oster, Jean-Marie"]
[Result "1-0"]
[WhiteElo "2014"]
[BlackElo "1571"]
[PlyCount "75"]
[EventDate "2012.??.??"]

1. Nf3 c5 2. d4 cxd4 3. Nxd4 e6 4. g3 Nc6 5. Bg2 d5 6. O-O Nxd4 7. Qxd4 Nf6 8.
c4 Be7 9. cxd5 exd5 10. Nc3 Be6 11. Qa4+ Bd7 12. Qd4 Bc6 13. Rd1 O-O 14. Nxd5
Nxd5 15. Bxd5 Bf6 16. Qd3 Qc7 17. Bf4 Qd7 18. Bxc6 Qxc6 19. Qb3 b6 20. Rac1 Qe4
21. Be3 Rfe8 22. Rc7 Qe6 23. Qxe6 Rxe6 24. b3 Ree8 25. Rdd7 Red8 26. Rxa7 Rxd7
27. Rxa8+ Rd8 28. Rxd8+ Bxd8 29. f3 Kf8 30. Bd4 g6 31. e4 Ke7 32. Kf2 Ke6 33.
Ke3 f5 34. h3 g5 35. exf5+ Kxf5 36. g4+ Ke6 37. Ke4 Kd6 38. Kf5 1-0

[Event "14e Open International - St Denis de la "]
[Site "Saint Denis"]
[Date "2012.10.06"]
[Round "1.12"]
[White "Karcher, Roger"]
[Black "Rakotomaharo, Fy Antenaina"]
[Result "0-1"]
[WhiteElo "1570"]
[BlackElo "1995"]
[PlyCount "62"]
[EventDate "2012.??.??"]

1. c4 Nf6 2. g3 g6 3. Bg2 Bg7 4. Nf3 O-O 5. O-O d6 6. Nc3 e5 7. e4 Nc6 8. Re1
a6 9. d3 Rb8 10. Bd2 b5 11. cxb5 axb5 12. b3 b4 13. Ne2 Nd7 14. Qc1 Nc5 15. Qc2
Ba6 16. d4 exd4 17. Nexd4 Nxd4 18. Nxd4 Bxd4 19. Bh6 Bd3 20. Qd1 Qf6 21. Qf3
Bxa1 22. Bxf8 Rxf8 23. Qxf6 Bxf6 24. Kh1 Bc3 25. Rd1 Nxe4 26. Bxe4 Bxe4+ 27.
Kg1 Re8 28. h4 Bf3 29. Rf1 Re2 30. Kh2 Bd4 31. Kg1 Rxa2 0-1

[Event "14e Open International - St Denis de la "]
[Site "Saint Denis"]
[Date "2012.10.06"]
[Round "1.13"]
[White "Ramasindraibe, Girard"]
[Black "Andriandaza, Tombo Omar"]
[Result "1-0"]
[WhiteElo "1982"]
[BlackElo "1567"]
[PlyCount "55"]
[EventDate "2012.??.??"]

1. e4 f5 2. exf5 Nf6 3. d4 d5 4. Bd3 Nc6 5. c3 e5 6. fxe6 Bxe6 7. Nf3 Qd6 8.
Bg5 O-O-O 9. Nbd2 Re8 10. O-O Nd7 11. b4 Be7 12. b5 Nd8 13. Bxe7 Rxe7 14. Qc2
Bg4 15. Rae1 Rf7 16. Re3 Nf6 17. Ne5 Rff8 18. Nxg4 Kb8 19. Nxf6 Rxf6 20. Rfe1
Rh6 21. Nf1 Rf6 22. Re8 Rhf8 23. R1e7 Rxf2 24. Qxf2 Rxf2 25. Kxf2 b6 26. Kg1 h5
27. Bf5 g6 28. Rd7 1-0

[Event "14e Open International - St Denis de la "]
[Site "Saint Denis"]
[Date "2012.10.06"]
[Round "1.14"]
[White "Ringayen, Rose-May"]
[Black "Linder, Oliver"]
[Result "0-1"]
[WhiteElo "1567"]
[BlackElo "1980"]
[PlyCount "120"]
[EventDate "2012.??.??"]

1. e4 e6 2. d4 d5 3. exd5 exd5 4. c4 Nf6 5. Nc3 Bb4 6. a3 Bxc3+ 7. bxc3 O-O 8.
Nf3 Re8+ 9. Be3 Ng4 10. Qd2 c6 11. Bd3 Nd7 12. O-O Ndf6 13. Bg5 h6 14. Bxf6
Nxf6 15. Rae1 Be6 16. Nh4 dxc4 17. Bf5 Bxf5 18. Nxf5 Qd7 19. Qf4 Rxe1 20. Rxe1
Re8 21. Rxe8+ Nxe8 22. Qg4 Qe6 23. Ne3 Qxg4 24. Nxg4 f6 25. Ne3 Nd6 26. f4 Kf7
27. g4 b5 28. f5 Ke7 29. d5 Kd7 30. h4 Ne4 31. dxc6+ Kxc6 32. Nd1 Kd5 33. Kg2
Ke5 34. Kf3 Nd2+ 35. Ke3 Nb1 36. a4 bxa4 37. Nb2 a3 38. Nxc4+ Kd5 39. Na5 a2
40. c4+ Kc5 41. Nb3+ Kxc4 42. Na1 Kc3 43. Kf4 Kb2 44. g5 Kxa1 45. gxf6 gxf6 46.
Kg4 Nd2 47. Kh5 Nf3 48. Kxh6 Nxh4 49. Kg7 Kb1 50. Kxf6 a1=Q+ 51. Ke6 Qa6+ 52.
Ke5 Qb5+ 53. Ke6 Qxf5+ 54. Kd6 Ng6 55. Kc6 Qe6+ 56. Kc5 Nf4 57. Kb4 Qc6 58. Kb3
Nd5 59. Ka3 Qb6 60. Ka4 Qb4# 0-1

[Event "14e Open International - St Denis de la "]
[Site "Saint Denis"]
[Date "2012.10.06"]
[Round "1.15"]
[White "Rabe Andrianandrasan, Haingo"]
[Black "Cochard, Franck-Olivier"]
[Result "1-0"]
[WhiteElo "1978"]
[BlackElo "1554"]
[PlyCount "35"]
[EventDate "2012.??.??"]

1. d4 Nf6 2. Nf3 g6 3. Bg5 Bg7 4. Nbd2 d6 5. e4 O-O 6. Be2 Nbd7 7. c3 c5 8. O-O
b6 9. Re1 Bb7 10. e5 dxe5 11. dxe5 Ng4 12. e6 Nde5 13. exf7+ Nxf7 14. Bc4 Bxf3
15. Nxf3 Bf6 16. h3 Kg7 17. Bxf7 Rxf7 18. hxg4 1-0

[Event "14e Open International - St Denis de la "]
[Site "Saint Denis"]
[Date "2012.10.06"]
[Round "1.16"]
[White "Lecaille, Max"]
[Black "Meier, Kurt"]
[Result "0-1"]
[WhiteElo "1545"]
[BlackElo "1960"]
[PlyCount "108"]
[EventDate "2012.??.??"]

1. e4 c5 2. c3 e5 3. Nf3 Nc6 4. d4 cxd4 5. cxd4 exd4 6. Nxd4 Nf6 7. Bc4 Bb4+ 8.
Bd2 Qe7 9. O-O Bxd2 10. Nxc6 dxc6 11. Nxd2 O-O 12. Qc2 Bg4 13. Rfe1 Nd7 14. Re3
Ne5 15. Qc3 Rad8 16. Rc1 Qd6 17. Nb3 Nxc4 18. Qxc4 Be6 19. Qc2 Bxb3 20. Rxb3
Rd7 21. h3 Qe5 22. Rc3 Rfd8 23. Rb3 Rd2 24. Qb1 Qd4 25. Re3 Rxb2 26. Qa1 Qd2
27. Rf3 Rxa2 28. Qb1 Qb2 29. Qxb2 Rxb2 30. Ra1 a6 31. Ra5 Rb5 32. Rxb5 cxb5 33.
Rc3 Kf8 34. Rc7 Rb8 35. Kf1 b4 36. Ke1 a5 37. Kd2 b5 38. Kc2 a4 39. Ra7 Rc8+
40. Kb2 Rd8 41. Rb7 Rd2+ 42. Kb1 Rxf2 43. Rxb5 b3 44. Rb4 Ra2 45. g4 g5 46. Rb5
h6 47. Rb4 Ke7 48. Rb6 f6 49. Rb4 Kd6 50. Rb6+ Kc5 51. Rxf6 Rh2 52. Rxh6 a3 53.
Kc1 a2 54. Ra6 b2+ 0-1

[Event "14e Open International - St Denis de la "]
[Site "Saint Denis"]
[Date "2012.10.06"]
[Round "1.17"]
[White "Chan-Kai-Hou, Fabrice"]
[Black "Chan-Faye, Yoann"]
[Result "1-0"]
[WhiteElo "1954"]
[BlackElo "1532"]
[PlyCount "71"]
[EventDate "2012.??.??"]

1. d4 d5 2. c4 e6 3. Nc3 Nf6 4. cxd5 exd5 5. Bg5 Be6 6. Qb3 Be7 7. Qxb7 Nbd7 8.
Qb3 Nb6 9. e3 O-O 10. Nf3 Rb8 11. Qc2 h6 12. Bh4 c6 13. Ne5 Qc7 14. a3 Rfc8 15.
Ba6 Re8 16. Nb5 Qd8 17. Nxc6 Qd7 18. Nxb8 Rxb8 19. Bg3 Rd8 20. O-O Bf5 21. Qc7
Qxc7 22. Bxc7 Rd7 23. Bxb6 axb6 24. Bc8 Bd3 25. Bxd7 Bxf1 26. Kxf1 Nxd7 27. Rc1
Nf8 28. Rc6 Bd8 29. Rc8 Be7 30. Rb8 g6 31. Rxb6 Kg7 32. Nc3 Ne6 33. Nxd5 Bd8
34. Rb7 Kf8 35. b4 Ke8 36. a4 1-0

[Event "14e Open International - St Denis de la "]
[Site "Saint Denis"]
[Date "2012.10.06"]
[Round "1.18"]
[White "Francois, Robert"]
[Black "Koch, Alain"]
[Result "0-1"]
[WhiteElo "1530"]
[BlackElo "1951"]
[PlyCount "108"]
[EventDate "2012.??.??"]

1. Nf3 d5 2. c4 e6 3. e3 Nf6 4. Nc3 Be7 5. d4 O-O 6. Bd3 b6 7. O-O Bb7 8. Ne5
Nbd7 9. Qc2 Rc8 10. cxd5 exd5 11. Bd2 Bd6 12. f4 h6 13. Nb5 a6 14. Na7 Ra8 15.
Nac6 Qe8 16. Bf5 Nb8 17. Nb4 a5 18. Nbd3 Bc8 19. Bxc8 Qxc8 20. Rac1 Qe8 21. Qd1
Nbd7 22. Nf2 Rc8 23. Qf3 c5 24. Nxd7 Qxd7 25. dxc5 Bxc5 26. Kh1 Ne4 27. Nxe4
dxe4 28. Qe2 Qe6 29. b3 Ba3 30. Rxc8 Rxc8 31. f5 Qf6 32. Qb5 Rc2 33. Rd1 Rxd2
34. Rg1 Rxa2 35. Qe8+ Kh7 36. Qxe4 Ra1 37. Qc2 Rxg1+ 38. Kxg1 Qa1+ 39. Kf2 Qb2
40. Qxb2 Bxb2 41. Ke2 b5 42. e4 a4 43. bxa4 bxa4 44. Kd3 Be5 45. Kc4 a3 46. Kb3
Bd6 47. g4 f6 48. h3 Kg8 49. Ka2 Kf7 50. Kb3 Ke7 51. h4 Bc5 52. Ka2 Kd6 53. g5
Ke5 54. Kb3 Kxe4 0-1

[Event "14e Open International - St Denis de la "]
[Site "Saint Denis"]
[Date "2012.10.06"]
[Round "1.19"]
[White "Ratsimikatry, Caryl Patrick"]
[Black "Tang Hon Yue, Thibault"]
[Result "1-0"]
[WhiteElo "1924"]
[BlackElo "1506"]
[PlyCount "44"]
[EventDate "2012.??.??"]

1. e4 c5 2. Nc3 Nc6 3. f4 d6 4. Nf3 g6 5. Bb5 Bd7 6. O-O Bg7 7. d3 a6 8. Bxc6
Bxc6 9. Qe1 e6 10. Bd2 Qb6 11. Rb1 c4+ 12. Be3 Qa5 13. Qf2 Bxc3 14. bxc3 Nh6
15. h3 f5 16. Bd4 O-O 17. Ng5 e5 18. Bb6 Qxc3 19. Qh4 Rae8 20. Qxh6 Re7 21.
fxe5 Qxe5 22. d4 Qf6 1-0

[Event "14e Open International - St Denis de la "]
[Site "Saint Denis"]
[Date "2012.10.06"]
[Round "1.20"]
[White "Artigaud, Laurent"]
[Black "Calmels, Nicolas"]
[Result "0-1"]
[WhiteElo "1500"]
[BlackElo "1899"]
[PlyCount "33"]
[EventDate "2012.??.??"]

1. d4 d5 2. Nf3 e6 3. e3 c5 4. b3 Nf6 5. Bd3 Nc6 6. Bb2 a6 7. a3 b5 8. Nbd2 c4
9. Be2 g5 10. Ne5 Qc7 11. Nxc6 Qxc6 12. O-O c3 13. Bxc3 Qxc3 14. a4 b4 15. Qc1
Bd6 16. Bc4 dxc4 17. Ra2 0-1

[Event "14e Open International - St Denis de la "]
[Site "Saint Denis"]
[Date "2012.10.06"]
[Round "1.21"]
[White "Frisk, Anders"]
[Black "Denis, Valentin"]
[Result "1-0"]
[WhiteElo "1899"]
[BlackElo "1498"]
[PlyCount "66"]
[EventDate "2012.??.??"]

1. c4 e6 2. Nf3 Nf6 3. g3 d5 4. Bg2 Be7 5. O-O Nc6 6. b3 d4 7. d3 e5 8. Bb2 O-O
9. Nbd2 Bc5 10. a3 a5 11. Ng5 h6 12. Nge4 Nxe4 13. Nxe4 Qe7 14. Nxc5 Qxc5 15.
b4 axb4 16. axb4 Rxa1 17. Qxa1 Nxb4 18. Ba3 Qb6 19. Rb1 c5 20. Bxb4 cxb4 21.
Qa4 Bg4 22. Rxb4 Qa6 23. Kf1 Ra8 24. Qd1 Qa1 25. Rb1 Bxe2+ 26. Kxe2 Ra2+ 27.
Kf1 Qc3 28. Be4 g6 29. g4 Rd2 30. Qe1 Qc2 31. Kg2 Rxf2+ 32. Qxf2 Qxb1 33. Bd5
h5 1-0

[Event "14e Open International - St Denis de la "]
[Site "Saint Denis"]
[Date "2012.10.06"]
[Round "1.22"]
[White "Cazal, Vincent"]
[Black "Goorsahye, Antoine"]
[Result "0-1"]
[WhiteElo "1490"]
[BlackElo "1899"]
[PlyCount "56"]
[EventDate "2012.??.??"]

1. f4 d5 2. Nf3 Nf6 3. Nc3 Bg4 4. e3 e6 5. h3 Bh5 6. g4 Bg6 7. Ne5 Nbd7 8. Nxg6
hxg6 9. b3 c6 10. Bb2 Bd6 11. Qf3 Qe7 12. O-O-O b5 13. Bd3 Nc5 14. e4 b4 15. e5
bxc3 16. Bxc3 Nxd3+ 17. Qxd3 Ba3+ 18. Kb1 Ne4 19. Qa6 O-O 20. Bd4 Bc5 21. Be3
Bxe3 22. dxe3 Nf2 23. Qxc6 Rfc8 24. Qd6 Qxd6 25. exd6 Rd8 26. e4 dxe4 27. Rhe1
Nxd1 28. Rxd1 Rac8 0-1

[Event "14e Open International - St Denis de la "]
[Site "Saint Denis"]
[Date "2012.10.06"]
[Round "1.23"]
[White "Rajaonson, Andriamahenina"]
[Black "Rivolo, Jean-Guillaume"]
[Result "1-0"]
[WhiteElo "1897"]
[BlackElo "1486"]
[PlyCount "47"]
[EventDate "2012.??.??"]

1. f4 c5 2. Nf3 Nc6 3. e4 d6 4. Nc3 Nf6 5. Bb5 Bd7 6. O-O Qc7 7. Bc4 Na5 8. Be2
g6 9. d4 cxd4 10. Nxd4 Bg7 11. Be3 Nc6 12. Ndb5 Qd8 13. a4 O-O 14. f5 a6 15.
Na3 Ne5 16. Nc4 Nc6 17. Nb6 Qc7 18. Nxa8 Rxa8 19. fxg6 hxg6 20. Qd2 Ne5 21. b3
Nfg4 22. Bxg4 Bxg4 23. Nd5 Qd7 24. Nb6 1-0

[Event "14e Open International - St Denis de la "]
[Site "Saint Denis"]
[Date "2012.10.06"]
[Round "1.24"]
[White "Rivolo, Anne-Claire"]
[Black "Dijoux, Julien"]
[Result "0-1"]
[WhiteElo "1470"]
[BlackElo "1883"]
[PlyCount "30"]
[EventDate "2012.??.??"]

1. e4 c5 2. Nf3 d6 3. c3 g6 4. d4 cxd4 5. cxd4 Bg7 6. Be2 Nf6 7. Nc3 O-O 8. O-O
Nbd7 9. Bf4 Nh5 10. Nd5 e6 11. Bg5 f6 12. Nxf6+ Bxf6 13. Bxf6 Nhxf6 14. Ng5 Qe7
15. Bc4 Nb6 0-1

[Event "14e Open International - St Denis de la "]
[Site "Saint Denis"]
[Date "2012.10.06"]
[Round "1.25"]
[White "Caron, Jean-Marie"]
[Black "Artigaud, Daniel"]
[Result "1-0"]
[WhiteElo "1872"]
[BlackElo "1430"]
[PlyCount "59"]
[EventDate "2012.??.??"]

1. c4 c5 2. Nc3 Nc6 3. g3 e6 4. Bg2 Nge7 5. d3 g6 6. Nf3 a6 7. Bf4 Bg7 8. Qd2
Nf5 9. e4 Nfe7 10. e5 O-O 11. Ne4 Nf5 12. h4 Ncd4 13. Nxc5 Nxf3+ 14. Bxf3 Qb6
15. Ne4 Nd4 16. Bg2 Qd8 17. Bg5 Qc7 18. f4 h6 19. Be7 Re8 20. Nf6+ Bxf6 21.
Bxf6 Nf5 22. h5 Nxg3 23. O-O-O Nxh1 24. Rxh1 d6 25. hxg6 fxg6 26. Rxh6 Qc5 27.
Rxg6+ Kf7 28. Rg7+ Kf8 29. Be4 Rd8 30. Qh2 1-0

[Event "14e Open International - St Denis de la "]
[Site "Saint Denis"]
[Date "2012.10.06"]
[Round "1.26"]
[White "Hoareau, Noe"]
[Black "Dalleau, Philippe"]
[Result "0-1"]
[WhiteElo "1420"]
[BlackElo "1846"]
[PlyCount "92"]
[EventDate "2012.??.??"]

1. e4 d6 2. d4 Nf6 3. Nc3 g6 4. Nf3 Bg7 5. e5 dxe5 6. Nxe5 O-O 7. Bc4 Nbd7 8.
O-O Nb6 9. Be3 Nxc4 10. Nxc4 Ng4 11. Qf3 c6 12. h3 Nxe3 13. fxe3 Be6 14. Nd2
Qb6 15. Rab1 Rad8 16. Nde4 h6 17. Nc5 Bf5 18. N3a4 Qc7 19. Rbc1 b6 20. Na6 Qd6
21. c3 Bd3 22. Nb4 Bxf1 23. Rxf1 Rc8 24. Nd3 e5 25. b4 Rce8 26. Nab2 e4 27. Nc4
Qd5 28. Qe2 Qxc4 29. Nf4 Qxe2 30. Nxe2 a5 31. a3 axb4 32. axb4 Ra8 33. Ng3 f5
34. Ne2 Ra2 35. Nf4 Kh7 36. d5 cxd5 37. Nxd5 Rd8 38. Rd1 Rda8 39. Nxb6 Ra1 40.
Nxa8 Rxd1+ 41. Kf2 Bxc3 42. b5 Rb1 43. b6 Ba5 44. g4 Bxb6 45. Kg3 Bd8 46. gxf5
gxf5 0-1

[Event "14e Open International - St Denis de la "]
[Site "Saint Denis"]
[Date "2012.10.06"]
[Round "1.27"]
[White "Payet, Jean-Claude"]
[Black "Altiery, Hugo"]
[Result "0-1"]
[WhiteElo "1829"]
[BlackElo "1400"]
[PlyCount "171"]
[EventDate "2012.??.??"]

1. e4 e5 2. Nf3 Nc6 3. Bb5 d6 4. d4 Bd7 5. O-O exd4 6. Nxd4 Ne5 7. Nc3 c6 8.
Ba4 Nf6 9. Bg5 Be7 10. Qe2 a5 11. a3 O-O 12. Bb3 b5 13. Rad1 b4 14. axb4 axb4
15. Na2 Bg4 16. f3 Bc8 17. Nxb4 Qb6 18. Bxf6 Bxf6 19. Qe1 c5 20. Nd5 Qd8 21.
Nxf6+ Qxf6 22. Bd5 Rb8 23. Nb3 Ng6 24. Qc3 Qg5 25. Qd2 Nf4 26. Kh1 Qe5 27. c3
Nxd5 28. Na5 Ne7 29. f4 Qxe4 30. Rfe1 Qa4 31. Qxd6 Rxb2 32. Ra1 Ra2 33. Rxa2
Qxa2 34. Qxc5 Ng6 35. Qb4 Nh4 36. Rg1 Be6 37. c4 Bf5 38. c5 Qe2 39. Qe1 Qxe1
40. Rxe1 h6 41. c6 Rc8 42. Kg1 Bc2 43. Kf2 Ba4 44. Rc1 Ng6 45. Ke1 Ne7 46. Rc4
Bxc6 47. Nxc6 Rxc6 48. Re4 Nf5 49. Kd2 Rd6+ 50. Ke1 Re6 51. Re2 Rxe2+ 52. Kxe2
f6 53. Kf2 g5 54. Kf3 Kg7 55. Kg4 Kg6 56. fxg5 hxg5 57. g3 Nh6+ 58. Kf3 Kh5 59.
h3 f5 60. Ke3 Nf7 61. Kf3 Ne5+ 62. Ke3 Kg6 63. Kd4 Nf3+ 64. Ke3 Ng1 65. h4 gxh4
66. gxh4 Nh3 67. Kf3 Kh5 68. Kg3 Ng1 69. Kf4 Kg6 70. h5+ Kf6 71. h6 Nh3+ 72.
Kg3 Ng5 73. Kf4 Nh7 74. Kf3 Kg5 75. Ke3 Kxh6 76. Kf3 Kg5 77. Kg3 Nf6 78. Kg2
Kg4 79. Kf2 Ne4+ 80. Kf1 f4 81. Kg1 Kg3 82. Kh1 f3 83. Kg1 f2+ 84. Kf1 Nd2+ 85.
Ke2 Kg2 86. Kxd2 0-1

[Event "14e Open International - St Denis de la "]
[Site "Saint Denis"]
[Date "2012.10.06"]
[Round "1.28"]
[White "Sandjivy, Jean Marc"]
[Black "Frelicot, Eric"]
[Result "0-1"]
[WhiteElo "1392"]
[BlackElo "1827"]
[PlyCount "24"]
[EventDate "2012.??.??"]

1. c4 e5 2. Nc3 Nc6 3. e3 Nf6 4. d3 Bb4 5. Bd2 O-O 6. g3 d5 7. cxd5 Nxd5 8. Bg2
Nf6 9. Qc2 Bf5 10. e4 Nd4 11. Qa4 Bd7 12. Qxb4 Nc2+ 0-1